Živnostenské podnikanie po minuloročnej novele (Zákon č. 358/2007 Z. z.) v Slovenskej republike
Novela zákona č. 455/1991 Zb. o živnostenskom podnikaní (živnostenského zákona) v znení neskorších predpisov účinnou od 1. októbra 2007. Čiastočná transpozícia smernice 2005/36/ES Európskeho parlamentu a Rady Európskej únie o uznávaní odborných kvalifikácií a ďalšie súvisiace a významné ustanovenia...
Enregistré dans:
| Auteur principal: | |
|---|---|
| Format: | Chapitre de livre |
| Langue: | slovaque |
| Sujets: | |
| Tags: |
Pas de tags, Soyez le premier à ajouter un tag!
|
MARC
| LEADER | 00000nla$a2200000$$$4500 | ||
|---|---|---|---|
| 001 | 0092514 | ||
| 005 | 20240502083235.5 | ||
| 041 | 0 | |a slo | |
| 044 | |a CZ | ||
| 245 | 1 | 0 | |a Živnostenské podnikanie po minuloročnej novele (Zákon č. 358/2007 Z. z.) v Slovenskej republike |c Lenka Chochúlová |
| 520 | |a Novela zákona č. 455/1991 Zb. o živnostenskom podnikaní (živnostenského zákona) v znení neskorších predpisov účinnou od 1. októbra 2007. Čiastočná transpozícia smernice 2005/36/ES Európskeho parlamentu a Rady Európskej únie o uznávaní odborných kvalifikácií a ďalšie súvisiace a významné ustanovenia zákona č. 358/2007 Z. z., ktorým sa mení a dopĺňa zákon č. 455/1991 Zb. o živnostenskom podnikaní (živnostenský zákon) v znení neskorších predpisov a o zmene a doplnení niektorých zákonov. | ||
| 610 | 2 | 0 | |a podnikanie živnostenské |
| 610 | 2 | 0 | |a zákony |
| 610 | 2 | 0 | |a Slovensko |
| 610 | 2 | 0 | |a smernice |
| 610 | 2 | 0 | |a kvalifikácia |
| 100 | 1 | |a Chochúlová, Lenka, 1983- | |